| 000 | 00413nam a2200169Ia 4500 | ||
|---|---|---|---|
| 008 | 110201s9999 xx 000 0 und d | ||
| 082 |
_bB10228 _aBAL 2322 |
||
| 100 | _aVernon Thomas | ||
| 245 | _aMore Jataka Tales | ||
| 260 | _bBetter Yourself Books | ||
| 365 | _b12 | ||
| 600 | _aVernon Thomas | ||
| 630 | _aMore Jataka Tales | ||
| 700 | _aVernon Thomas | ||
| 730 | _aMore Jataka Tales | ||
| 942 | _cBOOK | ||
| 999 |
_c835637 _d835634 |
||